| 000 | 00749nam a2200181Ia 4500 | ||
|---|---|---|---|
| 008 | 090123s9999 xx 000 0 und d | ||
| 082 | _b36893 | ||
| 100 | _aघाणेकर प्र.के. | ||
| 245 | _aसहली मौजेच्या पावसाळ्यात भिजायच्या | ||
| 250 | _a1 | ||
| 260 |
_bस्नेहल प्रकाशन _c2004 |
||
| 300 | _a96 | ||
| 600 | _aघाणेकर प्र.के. | ||
| 630 | _aसहली मौजेच्या पावसाळ्यात भिजायच्या | ||
| 700 | _aघाणेकर प्र.के. | ||
| 730 | _aसहली मौजेच्या पावसाळ्यात भिजायच्या | ||
| 942 | _cBOOK | ||
| 999 |
_c74961 _d74961 |
||